[Event "23rd Int. Tournament "]
[Site "?"]
[Date "2015.09.01"]
[Round "6.16"]
[White "Kalodoukas, Odysseas"]
[Black "Kordis, Konstantinos"]
[Result "0-1"]
[WhiteElo "1907"]
[BlackElo "2205"]
[PlyCount "74"]
[EventDate "2015.08.27"]

1. d4 Nf6 2. c4 g6 3. Nc3 Bg7 4. e4 d6 5. Be2 O-O 6. f4 e5 7. fxe5 dxe5 8. d5
Na6 9. Bg5 h6 10. Bh4 Qd6 11. Nf3 Ng4 12. Qd2 f5 13. h3 Nf6 14. O-O g5 15. Bf2
f4 16. Rfe1 g4 17. hxg4 Nxg4 18. Nb5 Qd8 19. Bf1 Bd7 20. c5 Qe8 21. a4 Bf6 22.
Rac1 Kh8 23. Na3 Rg8 24. c6 Bc8 25. Nc4 Qh5 26. d6 Nxf2 27. Qxf2 bxc6 28. Na5
Bg4 29. Rc3 Nb4 30. dxc7 Rac8 31. Be2 Rxc7 32. Rc4 Rcg7 33. Rxb4 Bh3 34. Bf1
Bxg2 35. Bxg2 Rxg2+ 36. Qxg2 Rxg2+ 37. Kxg2 Qg4+ 0-1

[Event "23rd Int. Tournament "]
[Site "?"]
[Date "2015.09.01"]
[Round "6.17"]
[White "Nemtsas, Hristoforos"]
[Black "Grigoriadis, Mihail"]
[Result "0-1"]
[WhiteElo "1905"]
[BlackElo "2099"]
[PlyCount "52"]
[EventDate "2015.08.27"]

1. d4 Nf6 2. c4 g6 3. Nc3 d5 4. cxd5 Nxd5 5. e4 Nxc3 6. bxc3 c5 7. Bc4 Bg7 8.
Ne2 Nc6 9. Be3 O-O 10. O-O Na5 11. Bd3 b6 12. Qd2 e5 13. dxc5 Qc7 14. cxb6 axb6
15. Rfb1 Rb8 16. Rb5 Rd8 17. Bxb6 Rxb6 18. Rxa5 Bb7 19. Ra4 Qd7 20. Rb4 Rxb4
21. cxb4 Bxe4 22. a4 Bxd3 23. a5 e4 24. Rd1 Qa4 25. Qe1 Rb8 26. Nf4 Bc3 0-1

[Event "23rd Int. Tournament "]
[Site "?"]
[Date "2015.09.01"]
[Round "6.18"]
[White "Sienczewski, Zbigniew"]
[Black "Katopodis, Dimitrios"]
[Result "1-0"]
[WhiteElo "2048"]
[BlackElo "1905"]
[PlyCount "73"]
[EventDate "2015.08.27"]

1. c4 c6 2. Nf3 d5 3. g3 Nf6 4. Bg2 Bg4 5. O-O e6 6. b3 Nbd7 7. Bb2 Be7 8. d3
O-O 9. Nbd2 a5 10. a3 Re8 11. h3 Bxf3 12. Nxf3 Bd6 13. Qc2 e5 14. Nd2 Qe7 15.
e3 Nc5 16. d4 exd4 17. Bxd4 Nce4 18. cxd5 cxd5 19. a4 Rac8 20. Qd3 Bb4 21. Nf3
Rc7 22. Rac1 Rec8 23. Rxc7 Qxc7 24. Bxf6 Nxf6 25. Nd4 Qd7 26. Nb5 Qe6 27. Rd1
g6 28. Bxd5 Qxh3 29. Bxb7 Ng4 30. Bg2 Qh2+ 31. Kf1 Re8 32. Qc4 h5 33. Qf4 Rc8
34. Nd4 Rd8 35. Rc1 Bd6 36. Qg5 Re8 37. Nf3 1-0

[Event "23rd Int. Tournament "]
[Site "?"]
[Date "2015.09.01"]
[Round "6.19"]
[White "Vazelakis, Dimitrios"]
[Black "Hrisafis, Argirios"]
[Result "1-0"]
[WhiteElo "2004"]
[BlackElo "1884"]
[PlyCount "75"]
[EventDate "2015.08.27"]

1. c4 c5 2. g3 Nf6 3. Nf3 g6 4. Bg2 Bg7 5. d4 cxd4 6. Nxd4 Nc6 7. Nc3 Nxd4 8.
Qxd4 O-O 9. O-O d6 10. Qd3 a6 11. Bd2 Bf5 12. e4 Be6 13. b3 Nd7 14. Rac1 Rb8
15. Nd5 Ne5 16. Qe2 Bxd5 17. cxd5 Rc8 18. Bh3 Rxc1 19. Rxc1 Nd7 20. Kg2 Nf6 21.
Qe3 e6 22. dxe6 fxe6 23. Bxe6+ Kh8 24. Rc8 Qe7 25. Rxf8+ Bxf8 26. Bd5 Nxd5 27.
exd5 Kg8 28. Qxe7 Bxe7 29. h4 Kf7 30. Kf3 Bf6 31. Bf4 Be7 32. Ke4 Bf8 33. g4 h5
34. g5 Ke8 35. Be3 Be7 36. Bb6 Kd7 37. f4 Ke8 38. f5 1-0

[Event "23rd Int. Tournament "]
[Site "?"]
[Date "2015.09.01"]
[Round "6.20"]
[White "Koerant, Filipos"]
[Black "Sideris, Theodoros"]
[Result "0-1"]
[WhiteElo "1887"]
[BlackElo "1992"]
[PlyCount "26"]
[EventDate "2015.08.27"]

1. d4 Nf6 2. Nf3 g6 3. c4 c5 4. d5 b5 5. Qc2 Bg7 6. e4 d6 7. cxb5 a6 8. Nc3 O-O
9. Be2 axb5 10. Bxb5 Ba6 11. O-O Qb6 12. a4 Bxb5 13. Nxb5 Na6 0-1

[Event "23rd Int. Tournament "]
[Site "?"]
[Date "2015.09.01"]
[Round "6.1"]
[White "Filoxeni, Danai"]
[Black "Stamatis, Ioannis"]
[Result "0-1"]
[WhiteElo "1472"]
[BlackElo "1497"]
[PlyCount "54"]
[EventDate "2015.08.27"]

1. Nf3 Nf6 2. c4 e6 3. g3 d5 4. d3 c6 5. Bg2 Bd6 6. O-O Nbd7 7. Nc3 Qe7 8. Re1
O-O 9. e4 dxe4 10. dxe4 e5 11. a3 a5 12. Be3 Ng4 13. Bg5 f6 14. Bd2 Bc5 15. Re2
Nxf2 16. Rxf2 Bxf2+ 17. Kxf2 Qc5+ 18. Be3 Qxc4 19. Bf1 Qf7 20. b3 Qe7 21. Bc4+
Kh8 22. Nh4 g6 23. Bh6 b5 24. Bxf8 Nxf8 25. Be2 Qc5+ 26. Kg2 Qxc3 27. Qd8 Bh3+
0-1

[Event "23rd Int. Tournament "]
[Site "?"]
[Date "2015.09.01"]
[Round "6.2"]
[White "Dermatas, Marios"]
[Black "Barous, Theodoros"]
[Result "1-0"]
[WhiteElo "1301"]
[BlackElo "1435"]
[PlyCount "123"]
[EventDate "2015.08.27"]

1. d4 d6 2. Nf3 f5 3. g3 Nf6 4. Bg2 g6 5. O-O Bg7 6. c4 O-O 7. Nc3 Qe8 8. d5
Na6 9. Nd4 Nc5 10. Ncb5 Qd8 11. b4 a6 12. Na3 e5 13. bxc5 exd4 14. cxd6 Qxd6
15. Nc2 Re8 16. Nxd4 Ne4 17. e3 c5 18. dxc6 bxc6 19. Qa4 Bd7 20. Ba3 c5 21. Qa5
Qe5 22. Bxe4 Qxe4 23. Qxc5 Kh8 24. Qd5 Qd3 25. Bd6 Rac8 26. c5 Bc6 27. Qb3 Qe4
28. f3 Qxe3+ 29. Qxe3 Rxe3 30. Rad1 Bxd4 31. Rxd4 Bxf3 32. Kf2 Rce8 33. Rc1 Bc6
34. Rcd1 Re2+ 35. Kf1 Rxh2 36. Bf4 Rh1+ 37. Kf2 Rxd1 38. Rxd1 Kg7 39. Rd6 Bb5
40. c6 Re2+ 41. Kf3 h6 42. c7 Rc2 43. Rd8 Bc6+ 44. Ke3 Bb7 45. Kd4 Kf7 46. Rb8
Rxc7 47. Bxc7 Be4 48. Rb6 a5 49. Ra6 g5 50. g4 Bb1 51. gxf5 h5 52. Rxa5 g4 53.
Ke3 h4 54. Kf2 Be4 55. Rb5 Kf6 56. Bd8+ Kf7 57. Bxh4 Bf3 58. a4 Bd1 59. a5 Bf3
60. a6 Bd1 61. Rb7+ Kf8 62. a7 1-0

[Event "23rd Int. Tournament "]
[Site "?"]
[Date "2015.09.01"]
[Round "6.3"]
[White "Koutis, Pavlos"]
[Black "Bastianou, Chrysoula"]
[Result "0-1"]
[WhiteElo "1244"]
[BlackElo "1430"]
[PlyCount "40"]
[EventDate "2015.08.27"]

1. e4 c5 2. Nf3 d6 3. d4 cxd4 4. Nxd4 Nf6 5. Nc3 Nc6 6. Bg5 g6 7. Qd2 Bg7 8.
O-O-O O-O 9. Nxc6 bxc6 10. e5 Ne8 11. exd6 Nxd6 12. Bxe7 Qxe7 13. Qxd6 Qb7 14.
Qc5 Be6 15. a3 Rab8 16. b4 a5 17. b5 cxb5 18. Nxb5 Rfc8 19. Qe3 Qc6 20. Qd3
Rxb5 0-1

[Event "23rd Int. Tournament "]
[Site "?"]
[Date "2015.09.01"]
[Round "6.4"]
[White "Agriopoulos, Konstantinos"]
[Black "Vourlis-Kolettis, Ahilleas"]
[Result "1-0"]
[WhiteElo "1693"]
[BlackElo "1273"]
[PlyCount "31"]
[EventDate "2015.08.27"]

1. e4 d5 2. exd5 Qxd5 3. Nc3 Qa5 4. d4 Nf6 5. Nf3 Bf5 6. Bc4 g6 7. Ne5 e6 8. f3
Bg7 9. g4 c5 10. gxf5 cxd4 11. Bb5+ Ke7 12. Qxd4 Nfd7 13. Nxg6+ hxg6 14. Qxg7
Rc8 15. Bg5+ Kd6 16. O-O-O+ 1-0

[Event "23rd Int. Tournament "]
[Site "?"]
[Date "2015.09.01"]
[Round "6.5"]
[White "Katsiampas, Efthymios"]
[Black "Kolyvas-Dimitrakarakos, Panagi"]
[Result "1/2-1/2"]
[WhiteElo "1586"]
[BlackElo "1267"]
[PlyCount "28"]
[EventDate "2015.08.27"]

1. e4 d5 2. exd5 Qxd5 3. d4 Nc6 4. Nf3 Bg4 5. Be2 Nf6 6. Be3 O-O-O 7. Nbd2 e6
8. O-O h6 9. c4 Qd7 10. Qb3 a6 11. Rfd1 Bb4 12. h3 Bxd2 13. Rxd2 Bf5 14. Ne5
Qe8 1/2-1/2

[Event "23rd Int. Tournament "]
[Site "?"]
[Date "2015.09.02"]
[Round "7.1"]
[White "Karagiannis, Athanasios"]
[Black "Koutsogiannis, Efthymios"]
[Result "*"]
[WhiteElo "2232"]
[BlackElo "1960"]
[PlyCount "67"]
[EventDate "2015.08.27"]
[TimeControl "120+6"]
[WhiteClock "0:01:06"]
[BlackClock "0:00:20"]

1. Nf3 d5 2. c4 c6 3. d4 Nf6 4. e3 Bf5 5. Nc3 e6 6. Bd3 Bb4 7. Bxf5 exf5 8.
cxd5 Qxd5 9. O-O Qa5 10. Ne5 O-O 11. Qb3 Bxc3 12. bxc3 Qc7 13. Rb1 b6 14. Ba3
Rd8 15. Rbd1 Ng4 16. Nf3 Nd7 17. Qc2 g6 18. c4 c5 19. h3 Ngf6 20. d5 Qd6 21.
Nd4 Ne4 22. Nb5 Qb8 23. d6 a6 24. Nc7 Ra7 25. Bb2 Nxd6 26. Rxd6 Qxc7 27. Rfd1
Raa8 28. Qd3 Ra7 29. e4 fxe4 30. Qxe4 Qc8 31. Qe5 Kf8 32. Qh8+ Ke7 33. Bf6+
Nxf6 34. Qxf6+ *

[Event "23rd Int. Tournament "]
[Site "?"]
[Date "2015.09.02"]
[Round "7.2"]
[White "Kouskoutis, Georgios-Alexandro"]
[Black "Tsiros, Fragkiskos Vlasios"]
[Result "1-0"]
[WhiteElo "2128"]
[BlackElo "2216"]
[PlyCount "161"]
[EventDate "2015.08.27"]
[TimeControl "120+26"]
[WhiteClock "0:00:03"]
[BlackClock "0:00:02"]

1. e4 d6 2. d4 Nf6 3. Nc3 g6 4. f4 Bg7 5. Nf3 c5 6. Bd3 cxd4 7. Nxd4 O-O 8. Qe2
Bg4 9. Qf2 Qb6 10. Nb3 Qxf2+ 11. Kxf2 Nc6 12. h3 Be6 13. Bd2 a6 14. g4 Nb4 15.
Nc1 d5 16. e5 Nd7 17. a3 Nxd3+ 18. Nxd3 f6 19. exf6 Bxf6 20. Ne2 Rac8 21. c3
Rc4 22. Be3 Bh4+ 23. Kf3 d4 24. Bxd4 Bd5+ 25. Ke3 Bxh1 26. Rxh1 Bf6 27. Kd2 Re8
28. Re1 e5 29. fxe5 Bh4 30. Rf1 Bg5+ 31. Kc2 Rc6 32. Ng3 Bh6 33. Re1 Bg7 34.
Re2 b6 35. b4 Nf8 36. Ne4 Ne6 37. Kb2 Re7 38. Nf6+ Kh8 39. Rf2 Rf7 40. Re2 Nxd4
41. cxd4 Bxf6 42. exf6 Rcxf6 43. Ne5 Rc7 44. Rd2 Kg7 45. Kb3 b5 46. a4 Rd6 47.
Rd3 Rc8 48. a5 Rc1 49. Kb2 Rc8 50. Kb3 Rd5 51. Rd2 Kf6 52. h4 Ke6 53. Re2 Kd6
54. Nf7+ Kd7 55. Ne5+ Kc7 56. Re4 Re8 57. Rf4 Re7 58. Kc3 Rd6 59. g5 Rde6 60.
Rf8 Kb7 61. Kd3 Rc7 62. Ke4 Ree7 63. Kd5 Rc1 64. Rf6 Rb1 65. Rb6+ Kc8 66. Rxa6
Rxb4 67. Nc6 Rd7+ 68. Kc5 Rc4+ 69. Kxb5 Rdxd4 70. Ra8+ Kc7 71. Ra7+ Kc8 72.
Nxd4 Rxd4 73. Rxh7 Rd1 74. a6 Rb1+ 75. Kc6 Rc1+ 76. Kd6 Kb8 77. Ke6 Rc6+ 78.
Kf7 Rxa6 79. Rh6 Kc8 80. Rxg6 Ra7+ 81. Kg8 1-0

[Event "23rd Int. Tournament "]
[Site "?"]
[Date "2015.09.02"]
[Round "7.3"]
[White "Gazis, Efstathios"]
[Black "Drakoulakos, Grigorios"]
[Result "0-1"]
[WhiteElo "2146"]
[BlackElo "2233"]
[PlyCount "108"]
[EventDate "2015.08.27"]
[TimeControl "120+37"]
[WhiteClock "0:00:08"]
[BlackClock "0:00:05"]

1. e4 c5 2. Nf3 d6 3. d4 cxd4 4. Nxd4 Nf6 5. Nc3 a6 6. Bg5 e6 7. f4 Qb6 8. Nb3
Nbd7 9. Be2 Be7 10. Qd2 O-O 11. Bf3 h6 12. h4 Qc7 13. g4 Rb8 14. O-O-O b5 15.
Bxf6 Nxf6 16. g5 b4 17. Ne2 Nh7 18. Kb1 a5 19. Nbd4 Kh8 20. Rhg1 Bd7 21. Bg4
Qc8 22. Bh3 a4 23. Nc1 a3 24. f5 axb2 25. Ncb3 Ra8 26. Kxb2 Qc3+ 27. Qxc3 bxc3+
28. Kxc3 hxg5 29. fxe6 fxe6 30. e5 dxe5 31. Nxe6 Bxe6 32. Bxe6 gxh4 33. Kb2 Rf2
34. Rd2 Rxd2 35. Nxd2 Rb8+ 36. Bb3 Ng5 37. Kc1 Nh3 38. Re1 Bf6 39. Nf3 g5 40.
Nxe5 Kg7 41. Ng4 Nf4 42. a4 Nd3+ 43. cxd3 Rxb3 44. Re6 Bd4 45. Kc2 Rb2+ 46. Kd1
Rg2 47. Re4 Bc3 48. Rc4 h3 49. a5 Rxg4 50. Rxg4 h2 51. Kc2 Bf6 52. a6 h1=Q 53.
Ra4 Qc6+ 54. Kb3 Qb5+ 0-1

[Event "23rd Int. Tournament "]
[Site "?"]
[Date "2015.09.02"]
[Round "7.4"]
[White "Pountzas, Hrisanthos"]
[Black "Kapnisis, Spyridon"]
[Result "0-1"]
[WhiteElo "2128"]
[BlackElo "2455"]
[PlyCount "84"]
[EventDate "2015.08.27"]
[TimeControl "120+19"]
[WhiteClock "0:00:12"]
[BlackClock "0:00:14"]

1. d4 Nf6 2. Nf3 e6 3. g3 b5 4. Bg2 d5 5. O-O Nbd7 6. Nbd2 Be7 7. e4 O-O 8. Ne5
Bb7 9. exd5 Nxd5 10. c4 bxc4 11. Ndxc4 c5 12. Bd2 cxd4 13. Ba5 Qe8 14. Qxd4 Ba6
15. Rfe1 Bc5 16. Qd2 N7b6 17. b3 Rd8 18. Red1 f6 19. Nd3 Bd4 20. Rac1 Nxc4 21.
bxc4 Nb6 22. Qb4 e5 23. Nc5 Bc8 24. Nb7 Bxb7 25. Bxb7 Rb8 26. Bg2 Kh8 27. c5
Na4 28. Qe1 Rb2 29. Rd2 Rxd2 30. Qxd2 Nxc5 31. Bb4 Qb5 32. Bxc5 Bxc5 33. Qd5
Bxf2+ 34. Kh1 Qb2 35. Rf1 Bd4 36. Qd6 Qb8 37. Qe6 Re8 38. Qf5 Qc8 39. Qh5 g6
40. Qh6 Qe6 41. a4 e4 42. Rb1 Qe7 0-1

[Event "23rd Int. Tournament "]
[Site "?"]
[Date "2015.09.02"]
[Round "7.5"]
[White "Nikolaou, Spiridon"]
[Black "Nikolaou, Georgios"]
[Result "*"]
[WhiteElo "2096"]
[BlackElo "2317"]
[PlyCount "67"]
[EventDate "2015.08.27"]
[TimeControl "120+18"]
[WhiteClock "0:00:08"]
[BlackClock "0:00:07"]

1. e4 c5 2. Nf3 e6 3. d4 cxd4 4. Nxd4 Nc6 5. Nxc6 bxc6 6. Bd3 d5 7. O-O Qc7 8.
Nc3 Nf6 9. Re1 Be7 10. Bg5 h6 11. Bd2 d4 12. Na4 Bd6 13. h3 O-O 14. c3 c5 15.
Rc1 Qb8 16. Qe2 e5 17. b3 Bd7 18. cxd4 cxd4 19. Nc5 Bxc5 20. Rxc5 Qd6 21. Rec1
Rfc8 22. Bb4 Qb6 23. Qd2 Rxc5 24. Bxc5 Qb7 25. f3 Rc8 26. Bd6 Rxc1+ 27. Qxc1
Bb5 28. Bxb5 Qxb5 29. a4 Qxb3 30. Qc8+ Kh7 31. Qf5+ Kg8 32. Qc8+ Kh7 33. Qf5+
Kg8 34. Qc8+ *

[Event "23rd Int. Tournament "]
[Site "?"]
[Date "2015.09.02"]
[Round "7.6"]
[White "Delithanasis, Dimitrios"]
[Black "Zygouris, Hristos"]
[Result "0-1"]
[WhiteElo "2105"]
[BlackElo "2210"]
[PlyCount "134"]
[EventDate "2015.08.27"]
[TimeControl "120+23"]
[WhiteClock "0:00:03"]
[BlackClock "0:00:21"]

1. d4 Nf6 2. c4 g6 3. Nc3 d5 4. Nf3 Bg7 5. Qb3 dxc4 6. Qxc4 O-O 7. e4 Na6 8.
Be2 c5 9. d5 e6 10. O-O exd5 11. exd5 Re8 12. Be3 Bf5 13. Rad1 Rxe3 14. fxe3
Ng4 15. e4 Ne3 16. Qd3 Nxd1 17. Rxd1 Bg4 18. Qb5 Bxf3 19. Bxf3 Bd4+ 20. Kh1 Nc7
21. Qb3 Rb8 22. Ne2 Be5 23. Qe3 Qd6 24. b4 cxb4 25. Qxa7 Nb5 26. Qg1 Ra8 27.
Rd2 h5 28. Rc2 Kg7 29. h3 Ra3 30. Qc5 Rxa2 31. Qxd6 Ra1+ 32. Rc1 Rxc1+ 33. Nxc1
Bxd6 34. Nb3 Kf6 35. Kg1 Bg3 36. Kf1 Nc3 37. Nc5 Ke5 38. Nd3+ Kd4 39. Nxb4 Nxe4
40. Nc2+ Kxd5 41. Ke2 f5 42. Kd3 Ke5 43. Na3 h4 44. Nc4+ Kf4 45. Nd2 Nxd2 46.
Kxd2 b5 47. Bc6 b4 48. Bd5 g5 49. Kd3 Be1 50. Be6 Ke5 51. Bb3 g4 52. hxg4 fxg4
53. Ke3 Bc3 54. Bd1 Kf5 55. Bc2+ Kg5 56. Ke4 Bd2 57. Bd1 Bf4 58. Bb3 Bd6 59.
Bc4 Kf6 60. Bb3 g3 61. Kf3 Ke5 62. Ke2 Kd4 63. Be6 Kc3 64. Kd1 Bf4 65. Bd7 b3
66. Bf5 Kb2 67. Be6 Ka1 0-1

[Event "23rd Int. Tournament "]
[Site "?"]
[Date "2015.09.02"]
[Round "7.7"]
[White "Roinos, Ilias"]
[Black "Alexakis, Dimitrios"]
[Result "1/2-1/2"]
[WhiteElo "2055"]
[BlackElo "2197"]
[PlyCount "142"]
[EventDate "2015.08.27"]
[TimeControl "120+11"]
[WhiteClock "0:00:03"]
[BlackClock "0:00:01"]

1. e4 d5 2. exd5 Qxd5 3. Nc3 Qa5 4. d4 Nf6 5. Bc4 c6 6. Nf3 Bf5 7. Bd2 e6 8.
Qe2 Bb4 9. a3 Bxc3 10. Bxc3 Qc7 11. O-O Nbd7 12. Rfe1 O-O 13. Bb3 a5 14. Bd2
Rfe8 15. Bg5 a4 16. Ba2 Ne4 17. Be3 h6 18. Rad1 b5 19. c3 Rad8 20. Bc1 Nef6 21.
Nh4 Be4 22. f4 Nf8 23. Qf2 Ng6 24. Nf3 Bd5 25. Bb1 Nxf4 26. Ne5 Ng6 27. Nxg6
fxg6 28. Bxg6 Rf8 29. Qh4 Nh7 30. Rd3 Rf6 31. Rg3 Rdf8 32. Qh5 Bc4 33. Bd3 Bxd3
34. Rxd3 Qf7 35. Qxf7+ R8xf7 36. Rde3 Nf8 37. c4 Rf5 38. cxb5 cxb5 39. Rc3 Rf2
40. Rc5 R2f5 41. Be3 Ng6 42. Rec1 Ne7 43. Rxf5 Rxf5 44. Rc5 Kf7 45. g4 Rd5 46.
Kf2 Ke8 47. Kf3 Kd7 48. Ke4 Ke8 49. Bf4 Kf7 50. Rc7 Ke8 51. Be5 g6 52. Bf6 Ng8
53. Be5 Ne7 54. Rb7 Kf7 55. Kd3 Ke8 56. Kc3 Nc6 57. Bf6 h5 58. h3 hxg4 59. hxg4
Kf8 60. Rg7 Nxd4 61. Bxd4 Rxd4 62. Rxg6 Re4 63. Kd3 Re1 64. Rg5 e5 65. Rg6 e4+
66. Kd2 Rb1 67. Kc2 Rg1 68. Rg5 Rg2+ 69. Kc3 Rg3+ 70. Kd4 Rb3 71. Kxe4 Rxb2
1/2-1/2

[Event "23rd Int. Tournament "]
[Site "?"]
[Date "2015.09.02"]
[Round "7.8"]
[White "Trimitzios, Petros"]
[Black "Grigoriadis, Alexandros"]
[Result "0-1"]
[WhiteElo "2006"]
[BlackElo "2153"]
[PlyCount "86"]
[EventDate "2015.08.27"]
[TimeControl "120+19"]
[WhiteClock "0:00:28"]
[BlackClock "0:00:47"]

1. d4 g6 2. c4 Bg7 3. Nf3 d6 4. g3 Nf6 5. Bg2 O-O 6. O-O Nc6 7. Nc3 a6 8. h3
Rb8 9. e4 b5 10. cxb5 axb5 11. e5 Ne8 12. Ng5 Na5 13. b4 Nc4 14. f4 e6 15. a3
Bb7 16. Re1 Bxg2 17. Kxg2 d5 18. Rh1 Rb6 19. h4 f6 20. Nf3 h5 21. Qd3 f5 22.
Be3 Bh6 23. Kf2 c6 24. Rhb1 Qb8 25. Ne1 Nc7 26. Qc2 Rd8 27. Nd3 Bf8 28. Ne2 Ra6
29. a4 bxa4 30. Nc5 Bxc5 31. bxc5 Qa7 32. Rh1 Kg7 33. Rag1 Ne8 34. g4 fxg4 35.
f5 exf5 36. Bg5 Rb8 37. Qc1 Rb2 38. Bh6+ Kh7 39. Qg5 Qf7 40. Rb1 a3 41. Rxb2
axb2 42. Nf4 Ra1 43. e6 Qf6 0-1

[Event "23rd Int. Tournament "]
[Site "?"]
[Date "2015.09.02"]
[Round "7.9"]
[White "Kostouros, Alexandros"]
[Black "Poulopoulos, Ioannis"]
[Result "1/2-1/2"]
[WhiteElo "2082"]
[BlackElo "2133"]
[PlyCount "138"]
[EventDate "2015.08.27"]
[TimeControl "120+20"]
[WhiteClock "0:00:04"]
[BlackClock "0:00:01"]

1. e4 c5 2. c3 Nf6 3. e5 Nd5 4. d4 cxd4 5. cxd4 d6 6. Nf3 e6 7. Bd2 Bd7 8. Nc3
Bc6 9. Be2 Nd7 10. O-O Be7 11. Nxd5 Bxd5 12. Bb4 dxe5 13. Bxe7 Qxe7 14. Bb5 O-O
15. dxe5 Bxf3 16. Qxf3 Nxe5 17. Qe4 Ng6 18. Rfe1 Rfd8 19. Re3 Rac8 20. Bd3 b6
21. Rae1 Qc5 22. Qa4 Qe7 23. Bxg6 hxg6 24. R3e2 Rc5 25. g3 a5 26. a3 Rcd5 27.
b4 Qd7 28. Qxd7 R8xd7 29. bxa5 bxa5 30. Kg2 Kf8 31. Re4 g5 32. Ra4 Rc7 33. Re2
Rc3 34. h3 Ke7 35. Rb2 f5 36. Rb7+ Kf6 37. Rb2 Ke5 38. Rb7 Kf6 39. Rb2 Ke5 40.
Rb7 g6 41. Rb2 f4 42. Re2+ Kf5 43. f3 e5 44. Rf2 Ke6 45. Re2 Kd6 46. Rf2 Kc6
47. gxf4 gxf4 48. h4 Kb5 49. Re4 Rxa3 50. Rfe2 a4 51. Rxe5 Rad3 52. Rb2+ Kc4
53. Re6 a3 54. Rc6+ Kd4 55. Rb4+ Ke3 56. Re6+ Kd2 57. Rxg6 Ra5 58. Rg5 Ra8 59.
Kh3 a2 60. Rg2+ Ke3 61. Re4+ Kxf3 62. Ree2 Re3 63. Rxa2 Rh8 64. Ra4 Rd3 65.
Rga2 Ke3 66. R4a3 Rhd8 67. h5 f3 68. Rxd3+ Rxd3 69. Kg3 Ke4 1/2-1/2

[Event "23rd Int. Tournament "]
[Site "?"]
[Date "2015.09.02"]
[Round "7.10"]
[White "Kordis, Konstantinos"]
[Black "Sidiropoulos, Nikolaos"]
[Result "1-0"]
[WhiteElo "2205"]
[BlackElo "2005"]
[PlyCount "53"]
[EventDate "2015.08.27"]
[TimeControl "120+16"]
[WhiteClock "0:00:21"]
[BlackClock "0:00:51"]

1. e4 g6 2. d4 Bg7 3. Nc3 c6 4. h3 d6 5. f4 Nf6 6. Nf3 O-O 7. Bd3 b5 8. a3 a6
9. O-O Nbd7 10. e5 Ne8 11. Qe1 Nc7 12. Ne4 c5 13. Neg5 e6 14. Nxh7 Kxh7 15.
Ng5+ Kg8 16. Qh4 Re8 17. Qh7+ Kf8 18. Nxf7 Nf6 19. Qxg6 Qe7 20. Ng5 Kg8 21.
exf6 Qxf6 22. dxc5 dxc5 23. Qh5 Re7 24. Be3 Bb7 25. Bxc5 Nd5 26. Rae1 Nxf4 27.
Qh7+ 1-0

[Event "23rd Int. Tournament "]
[Site "?"]
[Date "2015.09.02"]
[Round "7.11"]
[White "Kotrotsos, Vasilios"]
[Black "Vazelakis, Dimitrios"]
[Result "1-0"]
[WhiteElo "2273"]
[BlackElo "2004"]
[PlyCount "67"]
[EventDate "2015.08.27"]
[TimeControl "120+24"]
[WhiteClock "0:00:29"]
[BlackClock "0:00:37"]

1. d4 Nf6 2. c4 g6 3. Nc3 Bg7 4. e4 d6 5. f4 O-O 6. Be2 Na6 7. Nf3 e5 8. fxe5
dxe5 9. d5 Nc5 10. Bg5 h6 11. Bxf6 Qxf6 12. b4 Nd7 13. c5 Qf4 14. g3 Qe3 15.
Qd2 Qxd2+ 16. Kxd2 f5 17. Bd3 Nf6 18. Ke3 fxe4 19. Bxe4 Nxe4 20. Nxe4 Bg4 21.
Rhf1 a5 22. b5 a4 23. a3 Bd7 24. Rab1 Ra5 25. c6 bxc6 26. dxc6 Bf5 27. b6 cxb6
28. Rfc1 h5 29. h4 Bh6+ 30. Nfg5 Bxg5+ 31. hxg5 Bxe4 32. Kxe4 b5 33. Rc5 Rc8
34. Kxe5 1-0

[Event "23rd Int. Tournament "]
[Site "?"]
[Date "2015.09.02"]
[Round "7.12"]
[White "Spyropoulos, Nikolaos"]
[Black "Markantonaki, Haritomeni"]
[Result "1/2-1/2"]
[WhiteElo "1993"]
[BlackElo "2228"]
[PlyCount "112"]
[EventDate "2015.08.27"]
[TimeControl "120+14"]
[WhiteClock "0:00:26"]
[BlackClock "0:00:06"]

1. e4 c5 2. Nf3 Nc6 3. d4 cxd4 4. Nxd4 e6 5. Nc3 Qc7 6. f4 a6 7. Nxc6 Qxc6 8.
Bd3 b5 9. Qe2 Bb7 10. Bd2 Bc5 11. O-O-O Ne7 12. a3 O-O 13. g4 b4 14. axb4 Bxb4
15. f5 a5 16. f6 gxf6 17. Qf2 a4 18. Qxf6 a3 19. b3 Ng6 20. h4 Be7 21. Qf2 Ne5
22. Be2 Ba6 23. Kb1 Bxe2 24. Qxe2 Bb4 25. Na2 Bxd2 26. Qxd2 f6 27. g5 f5 28.
exf5 Rxf5 29. Rhf1 Nf3 30. Qd3 Rc8 31. Nb4 Qb7 32. Na2 Rcf8 33. Ka1 Nxh4 34.
Rh1 Rd5 35. Qh3 Rxd1+ 36. Rxd1 Qe4 37. Qd3 Qe5+ 38. Qc3 Qe2 39. Qd3 Qxd3 40.
cxd3 Nf3 41. Nc3 Nxg5 42. Ka2 Ra8 43. Rg1 h6 44. Ne4 Ra5 45. b4 Rf5 46. Kxa3
Kf8 47. Ka4 Ke7 48. b5 Rf4 49. b6 Nxe4 50. dxe4 Rxe4+ 51. Ka5 Re2 52. b7 Ra2+
53. Kb6 Rb2+ 54. Ka7 Ra2+ 55. Kb6 Rb2+ 56. Ka7 Ra2+ 1/2-1/2

[Event "23rd Int. Tournament "]
[Site "?"]
[Date "2015.09.02"]
[Round "7.13"]
[White "Pandelidis, Ioannis"]
[Black "Anthopoulos, Hristos"]
[Result "1-0"]
[WhiteElo "2114"]
[BlackElo "1946"]
[PlyCount "59"]
[EventDate "2015.08.27"]

1. e4 c5 2. Nc3 g6 3. f4 Bg7 4. Nf3 Nc6 5. Bc4 d6 6. O-O e6 7. d3 Nge7 8. Bb3
a6 9. Be3 b5 10. Qe1 O-O 11. Qh4 Nd4 12. Bxd4 cxd4 13. Ne2 Nc6 14. Qf2 Qf6 15.
g4 Bd7 16. h4 Qd8 17. Ng3 Kh8 18. h5 a5 19. a3 Rc8 20. Qh2 gxh5 21. Nxh5 Qe7
22. Rf2 f6 23. Rg2 Be8 24. Nxg7 Kxg7 25. g5 Bg6 26. f5 exf5 27. exf5 Qe3+ 28.
Kh1 Qxf3 29. Qh6+ Kh8 30. fxg6 1-0

[Event "23rd Int. Tournament "]
[Site "?"]
[Date "2015.09.02"]
[Round "7.14"]
[White "Grigoriadis, Mihail"]
[Black "Gkikas, Hristos"]
[Result "0-1"]
[WhiteElo "2099"]
[BlackElo "1983"]
[PlyCount "80"]
[EventDate "2015.08.27"]

1. e4 e5 2. Nf3 Nc6 3. Bb5 a6 4. Ba4 Bc5 5. c3 b5 6. Bc2 d6 7. O-O Bg4 8. h3
Bh5 9. a4 b4 10. a5 Nge7 11. g4 Bg6 12. d4 exd4 13. cxd4 Ba7 14. b3 Qd7 15. d5
Ne5 16. Bb2 f6 17. Nd4 Bxd4 18. Bxd4 h5 19. f4 hxg4 20. fxe5 fxe5 21. Bf2 Rxh3
22. Kg2 Bh5 23. Bg3 Ng6 24. Qd2 Qe7 25. Qf2 O-O-O 26. Bd3 Rf8 27. Bxa6+ Kd8 28.
Qe1 Nf4+ 29. Kg1 Bg6 30. Nd2 Rfh8 31. Kf2 Rxg3 32. Rh1 Rhh3 33. Rxh3 Rg2+ 34.
Ke3 gxh3 35. Nf3 Rb2 36. Qxb4 Qd7 37. Bf1 h2 38. Nxh2 Rxh2 39. a6 Bh5 40. a7
Qh3+ 0-1

[Event "23rd Int. Tournament "]
[Site "?"]
[Date "2015.09.02"]
[Round "7.16"]
[White "Loutragotis, Dimitrios"]
[Black "Korniotis, Filippos"]
[Result "0-1"]
[WhiteElo "1809"]
[BlackElo "2006"]
[PlyCount "64"]
[EventDate "2015.08.27"]

1. e4 e6 2. d3 d5 3. Nd2 b6 4. g3 Bb7 5. Bg2 Nf6 6. e5 Nfd7 7. Ngf3 c5 8. O-O
Nc6 9. Re1 Qc7 10. Qe2 h6 11. h4 g5 12. hxg5 hxg5 13. Nxg5 Ndxe5 14. f4 Be7 15.
fxe5 Bxg5 16. Nc4 Be7 17. Nd6+ Bxd6 18. exd6 Qxd6 19. Bf4 Qd7 20. Bg5 Ne7 21.
Rf1 Rh7 22. Bh4 O-O-O 23. Bh3 Rg8 24. Rxf7 Rxh4 25. Rxe7 Rxg3+ 26. Kf2 Rgxh3
27. Rxd7 Rh2+ 28. Kf3 Kxd7 29. Qf1 Rh1 30. Qxh1 Rxh1 31. Rxh1 d4+ 32. Kf4 Bxh1
0-1